Normal view MARC view

Entry Personal Name

Number of records used in: 1

001 - CONTROL NUMBER

  • control field: 1237726

003 - CONTROL NUMBER IDENTIFIER

  • control field: OSt

005 - DATE AND TIME OF LATEST TRANSACTION

  • control field: 20260430150519.0

008 - FIXED-LENGTH DATA ELEMENTS

  • fixed length control field: 260430|| aca||aabn | a|a d

040 ## - CATALOGING SOURCE

  • Original cataloging agency: OSt
  • Transcribing agency: OSt

100 ## - HEADING--PERSONAL NAME

  • Personal name: Muntazir Ali Au.; Shah Ali Akbar Gu

670 ## - SOURCE DATA FOUND

  • Source citation: Work cat.: (OSt)1849965: Muntazir Ali Au.; Shah Ali Akbar Gu., Jinbah hai adbi matoon Farsi barsakah ha wa mehar hai qaran chahar daham ta majidhum miladi dar Hind (Literary aspect of Persian legend on coins and seals during 14th to 18th century in India), 2023
Copyright @ Delhi University Library System